| 000 | 00882nam a22001817a 4500 | ||
|---|---|---|---|
| 003 | UA-OsUOA | ||
| 001 | 19947 | ||
| 007 | ta | ||
| 008 | 20041006b un ||||| |||| 00| 0 ukr d | ||
| 100 | _aПавелко П. | ||
| 942 | _cSA | ||
| 040 |
_aUA-OsUOA _cUA-OsUOA _dUA-OsUOA |
||
| 245 |
_a"Людина, що сама співає... стає величнішою" _b[Розповідь кер. клубу співаної поезії Рівнен. Палацу дітей та молоді "Гітарт" П. Павелко про участь у четвертому Всеукр. фест. сучас. романсу "Осіннє рандеву", який проходив у Миргороді] |
||
| 300 | _aС.5 | ||
| 955 | _a0 | ||
| 773 | 0 |
_w0 _tПанорама _dРівне _d2004 _g№37/24 верес./ |
|
| 650 | 7 |
_aКраєзнавча робота _2UDC |
|
| 999 |
_c306120 _d306120 |
||